000 01372cam a2200349 a 4500
999 _c2886
_d2886
001 15613483
003 OSt
005 20230908151527.0
008 090205s2009 nyua c 000 1 eng
010 _a 2009003056
020 _a9781416950257
040 _aDLC
_cDLC
_dDLC
_dKH8
042 _alcac
082 0 0 _a813.3 POE
_222
100 1 _aPoe, Edgar Allan,
_d1809-1849,
_eauthor.
245 1 0 _aEdgar Allan Poe's tales of death and dementia /
_cEdgar Allan Poe ; illustrated by Gris Grimly.
246 3 0 _aTales of death and dementia
250 _a1st ed.
260 _aNew York :
_bAtheneum Books for Young Readers,
_cc2009.
300 _a136 p. :
_bcol. ill. ;
_c24 cm.
505 0 _aThe tell-tale heart -- The system of Doctor Tarr and Professor Fether -- The oblong box -- The facts in the case of M. Valdemar.
520 _aFour short stories, abridged and illustrated, by the nineteenth-century American writer best known for his tales of horror.
521 1 _aAges 11 up.
650 0 _aHorror tales, American.
650 0 _aChildren's stories, American.
650 1 _aHorror stories.
650 1 _aShort stories.
700 1 _aGrimly, Gris,
_eill.
906 _a7
_bcbc
_corignew
_d1
_eecip
_f20
_gy-gencatlg
942 _2ddc
_cTR